000 02328cam a22003258i 4500
999 _c14343
_d14343
003 OSt
005 20260214132155.0
008 210125s2021 enk b 001 0 eng
020 _a9781501341854
_q(hardback)
020 _z9781501341861
_q(ebook)
020 _z9781501341878
_q(pdf)
020 _z9781350248786
035 _a21878452
040 _aDLC
_beng
_erda
_cDLC
042 _apcc
082 0 0 _a709.17/67
_223
245 0 0 _aInside/outside Islamic art and architecture :
_ba cartography of boundaries in and of the field /
_cSaygin Salgirli.
263 _a2108
300 _apages cm
504 _aIncludes bibliographical references and index.
520 _a"When we walk into a gallery, we have a fairly good idea where the building begins and ends; and inside, while observing a painting, we are equally confident in distinguishing between the painting-proper and its frame and borders. Yet, things are often more complicated. A building defines an exterior space just as much as an interior, and what we perceive to be ornamental and marginal to a given painting may in fact be central to what it represents. In this volume, a simple question is presented: instead of dichotomous separations between inside and outside, or exterior and interior, what other relationships can we think of? The first book of its kind to grapple with this question, Inside/Outside Islamic Art and Architecture focuses on a wide spectrum of mediums and topics, including painted manuscripts, objects, architectural decoration, architecture and urban planning, and photography. Bringing together scholars with diverse methodologies-who work on a geographical span stretching from India to Spain and Nigeria, and across a temporal spectrum from the thirteenth to the twenty-first century-this original book also poses engaging questions about the boundaries of the field"--
650 0 _aIslamic art
_xPhilosophy.
650 0 _aIslamic architecture
_xPhilosophy.
650 0 _aComposition (Art)
650 0 _aArchitecture
_xComposition, proportion, etc.
650 0 _aAesthetics
_xReligious aspects
_xIslam.
700 1 _aSalgırlı, Saygın,
_eeditor.
776 0 8 _iOnline version:
_tInside/outside Islamic art and architecture
_dLondon ; New York : Bloomsbury Visual Arts, 2021
_z9781501341861
_w(DLC) 2021002026
942 _2ddc